Statistics for Biggest Cities in East Germany (with map)

Click here to take the quiz!

General Stats

  • This quiz has been taken 490 times
  • The average score is 10 of 15

Answers on the Map

Answers color-coded by a green-red scale on the quiz's map according to % correct below.
 

Answer Stats

PopCities% Correct
1,20 mEast Berlin
100%
520 kDresden
93%
556 kLeipzig
93%
142 kPotsdam
78%
253 kRostock
78%
314 kKarl-Marx-Stadt
74%
290 kMagdeburg
70%
220 kErfurt
68%
236 kHalle/Saale
62%
108 kJena
60%
130 kSchwerin
60%
128 kCottbus
58%
134 kGera
50%
121 kZwickau
50%
103 kDessau
34%

Score Distribution

Percentile by Number Answered

Percent of People with Each Score

Your Score History

You have not taken this quiz